Statistiques concernant Personnage de Persona 4

Cliquez ici pour prendre le quiz!

Statistiques générales

  • Ce quiz a été pris 31 fois
  • Le résultat moyen est 14 sur 23

Statistiques - réponses

IndiceRéponse% Correct
ProtagonisteYu Narukami
93%
Le Maître de la Chambre de VeloursIgor
89%
Sa cousineNanako Dojima
89%
Oncle du ProtagonisteRyotaro Dojima
89%
Personae du ProtagonisteIzanagi
85%
Son assistanteMargaret
85%
Le collègue de DojimaTohru Adachi
85%
Jeune DétectiveNaoto Shirogane
81%
Elle est assise à côté de lui en classeChie Satonaka
78%
Son premier amiYosuke Hanamura
78%
Amie d'enfance de celle-ciYukiko Amagi
78%
Ours de l'autre MondeKuma
70%
Jeune StarRise Kujikawa
70%
C'est elle qui a donné son pouvoir au ProtagonisteIzanami
63%
Brute de première année de lycéeKanji Tatsumi
59%
Personae de YosukeJiraiya
41%
Personae de ChieTomoe
37%
Personae de RiseHimiko
30%
Responsable du BrouillardAmeno-Sagiri
22%
Personae de YukikoKonohana Sakuya
19%
Personae de NaotoSukuna Hikona
19%
Personae de KanjiTakemikazuchi
19%
Personae de KumaKintoki Douji
4%

Distribution des résultats

Percentile par nombre de réponses

% des personnes avec chaque résultat

Votre développement - résultats

Vous n’avez pas pris ce quiz